000 00239nam a2200097Ia 4500
005 20251222114415.0
008 251222s1900||||xx |||||||||||||| ||spa||
082 _aDVD0092/A91/2007
245 0 _aTrascinati dalla belleza di Cristo
942 _cDVD
999 _c2181
_d2181